000 00784nam a22002177a 4500
999 _c22837
_d22837
008 090202t xxu||||| |||| 00| 0 eng d
010 _aENG-92746 ENG-136209
020 _a9788185604909
_c375.00
035 _aEN-76279 EN-119741
037 _bDBAD / PUB
040 _bEnglish
082 _a861.871092
100 _aPawar, Urmila
245 _aThe weave of my life :
_bA dalit woman's memories /
_cBy Urmila Pawar; translated from the original Marathi by Maya Pandit; afterword by Sharmila Rege
260 _aKolkata
_bStree
_c2008
270 _a16 Southern Avenue,
_bKolkata
_e700026
300 _axxxiii, 348p..
_c22cm (pbk)
600 _aPawar, Urmila
650 _aAuthors, Marathi
_y20th centuary
_vBiography.
942 _2ddc
_cEN
_mPAW
_h861.871092